000 00466nam a2200157 a 4500
001 000033292
003 DO-SdBNP
005 20230519125034.0
008 110823s1975 dr 000 0 spa d
040 _aDO-SdBNP
_bspa
_cBNPHU
100 1 _aCaro Álvarez, José A.
_937866
245 1 0 _aNace una universidad /
_cJosé A. Caro Álvarez.
260 _aSanto Domingo : 1975. :
_bUniversidad Pedro Henríquez Ureña,
_c1975.
300 _a149 p. ;
_c24 cm.
942 _2ddc
999 _c32783
_d32783